Quiz piłkarski - Statystyki

Ogólne statystyki
  • Ten quiz został rozwiązany 112 razy
  • Średni wynik to 4 z 10
Statystyki odpowiedzi
Hint Odpowiedź % Poprawnych
803 Cristiano Ronaldo
99%
755 Lionel Messi
97%
765 Pele
84%
634 Gerd Muller
32%
729 Ferenc Puskas
29%
753 Romario
20%
622 Eusebio
16%
720 Josef Bican
12%
647 Jimmy Jones
2%
616 Joe Bambrick
2%
Nie znaleziono quizów pasujących do podanych kryteriów
Rozkład punktacji
Procent ludzi z każdym wynikiem
Percentyl według liczby udzielonych odpowiedzi
Twoja historia wyników
Nie rozwiązałeś tego quizu